Arrangements and spreads
Αποθηκεύτηκε σε:
| Κύριος συγγραφέας: | |
|---|---|
| Συγγραφή απο Οργανισμό/Αρχή: | |
| Μορφή: | Βιβλίο |
| Γλώσσα: | English |
| Δημοσίευση: |
Providence :
Published for the Conference Board of the Mathematical Sciences by the American Mathematical Society,
[1972]
|
| Σειρά: | Regional conference series in mathematics ;
; 10 |
| Θέματα: | |
| Ετικέτες: |
Προσθήκη ετικέτας
Δεν υπάρχουν, Καταχωρήστε ετικέτα πρώτοι!
|
MARC
| LEADER | 00000cam a2200000 i 4500 | ||
|---|---|---|---|
| 001 | 1/26750 | ||
| 008 | 960404s1972 eng d | ||
| 020 | |a 0821816594 | ||
| 035 | |l 10037657 | ||
| 040 | |a GR-MY-UA |b gre |e aacr | ||
| 041 | 0 | |a eng | |
| 082 | 0 | |a 516.5 | |
| 100 | 1 | |a Grunbaum, Branko. | |
| 245 | 1 | 0 | |a Arrangements and spreads / |c by Branko Grunbaum |
| 260 | |a Providence : |b Published for the Conference Board of the Mathematical Sciences by the American Mathematical Society, |c [1972] | ||
| 300 | |a 114 p.; |b illus; |c 26 cm. | ||
| 490 | 1 | |a Regional conference series in mathematics |v ; 10 | |
| 504 | |a Bibliography: p. 92-111 | ||
| 650 | 0 | 0 | |a Geometry, Projective. |
| 650 | 0 | 0 | |a Algebraic topology. |
| 710 | 2 | |a Conference Board of the Mathematical Sciences. | |
| 830 | 0 | |a Regional conference series in mathematics ; |v ; 10 | |
| 852 | |a INST |b SAMOS |e 19960404 |h 516.5 GRU |p 005300007501 |q 005300007501 |t BK |y 0 | ||
| 909 | |a Σ |b 033409 | ||